000 00673nam a2200205 4500
001 139640
003 ES-MaACL
005 20230906195848.0
007 t|
008 070214s1969 sp r ||||1| spa d
100 1 _aScherer, René.
_9104311
245 1 3 _aLa fenomenología de las `Investigaciones lógicas` de Husserl /
_cRené Scherer ; versión... de Jesús Díaz.
260 _aMadrid :
_bGredos,
_c1969.
300 _a348 p. ;
_c20 cm.
490 1 _aBiblioteca hispánica de Filosofía ;
_v59
700 1 _aDíaz, Jesús.
_944128
830 0 _aBiblioteca hispánica de Filosofía ;
_v59
_9181000
852 _aES-MaACL
_jC-39930
_bR.70543
999 _c139640
_d139640